Statistics for 10 largest cities in Germany

Click here to take the quiz!

General Stats

  • This quiz has been taken 47 times
  • The average score is 8 of 10

Answer Stats

% Correct
1.Berlin
100%
3.Munich
96%
2.Hamburg
93%
7.Dusseldorf
87%
5.Frankfurt
87%
4.Cologne
85%
6.Stuttgart
78%
10.Dortmund
70%
9.Hanover
67%
8.Essen
65%

Score Distribution

Percentile by Number Answered

Percent of People with Each Score

Your Score History

You have not taken this quiz